=LDR 00000nam 2200000 4500 =001 INLIS000000000048443 =005 20200429085817 =035 ##$$a 0010-111600000000022 =008 200429###########################0###### =082 ##$$a 2x3 haw.1 =100 ##$$a said hawwa =245 1#$$a allah =250 ##$$a 1989 =260 ##$$a cv. pustaka mantiq =300 ##$$a 21cm 278 hlm